Central Library OPAC University of Rajshahi

دولة الاسلام في الاندلس الخلافة الأموية والدولة العامرية العصر الأول - القسم الثاني ;; dawlat aliaslam fi alandils alkhilafat al'umawiat waldawlat aleamiriat aleasr al'awal - alqism althaani / (Record no. 78485)

MARC details
000 -LEADER
fixed length control field 01425nam a2200289 4500
001 - CONTROL NUMBER
control field 78485
003 - CONTROL NUMBER IDENTIFIER
rucl marc code BD-RjUL
005 - DATE AND TIME OF LATEST TRANSACTION
control field 20211209083132.0
008 - FIXED-LENGTH DATA ELEMENTS--GENERAL INFORMATION
fixed length control field 210927s19601380ua abch b 000 0 ara d
035 ## - SYSTEM CONTROL NUMBER
System control number (BD-RjUL)78711
040 ## - CATALOGING SOURCE
Original cataloging agency WaU
Transcribing agency WaU
Modifying agency CtY
-- UkOxU
Language of cataloging eng
041 ## - LANGUAGE CODE
Language code of text/sound track or separate title ara
082 ## - DEWEY DECIMAL CLASSIFICATION NUMBER
Edition number 23
Classification number 946.02
Author mark and year IND 1960
100 1# - MAIN ENTRY--PERSONAL NAME
Personal name عنان، محمد عبد الله ;;ʿInān, Muḥammad ʿAbd Allāh,
Dates associated with a name 1896-
9 (RLIN) 248549
245 ## - TITLE STATEMENT
Title دولة الاسلام في الاندلس الخلافة الأموية والدولة العامرية العصر الأول - القسم الثاني ;; dawlat aliaslam fi alandils alkhilafat al'umawiat waldawlat aleamiriat aleasr al'awal - alqism althaani /
Statement of responsibility, etc. محمد عبد الله عنان ;; Mohammad Abdullah Anan
246 15 - VARYING FORM OF TITLE
Title proper/short title End of the Moorish empire in Spain and the history of the Moriscos
250 ## - EDITION STATEMENT
Edition statement al-Ṭabʿah 3.
Edition statement الطبعة ٣.
260 ## - PUBLICATION, DISTRIBUTION, ETC. (IMPRINT)
Place of publication, distribution, etc. al-Qāhirah :
Name of publisher, distributor, etc. Maṭbaʿat Lajnat al-Taʼlīf wa-al-Tarjamah wa-al- Nashr,
Date of publication, distribution, etc. 1960
Place of publication, distribution, etc. القاهرة :
Name of publisher, distributor, etc. مطبعة لجنة التأليف والترجمة والنشر،
Date of publication, distribution, etc. ١٩٦٠
300 ## - PHYSICAL DESCRIPTION
Pagination v. [672 p.] :
Illustrations ill., facsims., maps, ports. ;
Size 26 cm.
504 ## - BIBLIOGRAPHY, ETC. NOTE
Bibliography, etc Includes bibliography
505 ## - FORMATTED CONTENTS NOTE
Formatted contents note Vol. 2. The first era-- العصر الاول ...--القسم الثاني
650 #0 - SUBJECT ADDED ENTRY--TOPICAL TERM
Topical term or geographic name as entry element Moriscos.
9 (RLIN) 248550
651 #0 - SUBJECT ADDED ENTRY--GEOGRAPHIC NAME
Geographic name Granada (Spain : Reino)
General subdivision History.
9 (RLIN) 248551
942 ## - ADDED ENTRY ELEMENTS (KOHA)
Source of classification or shelving scheme Dewey Decimal Classification
Koha item type Books
Holdings
Lost status Source of classification or shelving scheme Damaged status Not for loan Collection code Permanent Location Current Location Shelving location Date acquired Total Checkouts Full call number Date last seen Copy number Koha item type
  Dewey Decimal Classification   Not For Loan Non-fiction Central Library, University of Rajshahi Central Library, University of Rajshahi Reading Room 27/09/2021   A 946.02 IND V-2 1960 27/09/2021 C-1 Books